| 000 | 00656nam a2200205 a 4500 | ||
|---|---|---|---|
| 001 | 000017309 | ||
| 005 | 20240412074246.0 | ||
| 008 | 100322s1963 dr 000 j spa d | ||
| 040 |
_aDO-SdBNP _bspa _cBNPHU |
||
| 082 |
_aRD863.44 _bS944c |
||
| 100 | 1 |
_aSuero, Ángel Augusto _97384 |
|
| 245 | 1 | 4 |
_aLos cuentos de las costas cálidas / _cÁngel Augusto Suero. |
| 260 |
_aSanto Domingo : _bComery, _c1963. |
||
| 300 |
_a263 p. ; _c23 cm. |
||
| 500 | _aIncluye notas al pie de las páginas. | ||
| 590 | _aInventariado, 2020 / DG | ||
| 650 | 0 |
_aCuentos dominicanos _9176 |
|
| 650 | 0 |
_aLiteratura dominicana. _967 |
|
| 910 | _aValidado. Control de calidad MFF | ||
| 999 |
_c16834 _d16834 |
||